• 首页
  • 本馆介绍
  • 公告通知
  • 最新文献
  • 馆藏检索
  • 电子资源
  • 读者导购
  • 参考咨询
  • 我的图书馆
  • 登录
  • 详细信息显示
  • 放入我的书架
  • 预约/预借图书
  • 作者相关作品
  • 分类相关作品
  • 丛书相关作品
  • 出版社相关作品

书目信息

  • 表格格式
  • 工作单格式
  • 卡片格式
题名:
破案与推理
    
 
作者: 张泽膏 著
分册:  
出版信息: 北京   群众出版社  1981.10
页数: 127页
开本: 19cm
丛书名:
单 册:
中图分类: B812.23
科图分类:
主题词: 推理 , 演绎
电子资源:
ISBN:
000 00567nam0 2200229 45
001 0181024522
005 20070801152753.12
010    @dCNY0.34
091    @a3067.130
100    @a20810111d km y0chiy0120 ea
101 0  @achi
105    @ay z 000yy
200 1  @a破案与推理@APO AN YU TUI LI@f张泽膏著@FZHANG ZE GAO ZHU
210    @a北京@c群众出版社@d1981.10
215    @a127页@d19cm
300    @a内部发行
606 0  @a推理
606 0  @a演绎
690    @aB812.23@v3
701 0  @a张泽膏@4著
801    @aCN@bTSTC@c20070801
905    @dB812.23@e23@f1@b59540
    
    破案与推理/张泽膏著.-北京:群众出版社,1981.10
    127页;19cm
    内部发行
    
    ISBN :CNY0.34
    
●
相关链接 在E读中查询图书 在五车中查询图书 在当当中查询图书 在豆瓣中查询图书


正题名:破案与推理     索取号:B812.23/23         预约/预借

序号 登录号 条形码 馆藏地/架位号 状态 备注
1 0059536   000576905   密集书库/ [索取号:B812.23/23] 在馆    
2 0059537   000576898   密集书库/ [索取号:B812.23/23] 在馆    
3 0059538   000576932   密集书库/ [索取号:B812.23/23] 在馆    
4 0059540   002042337   第一样本阅览室/ [索取号:B812.23/23] 在馆    
5 0440131   204401316   密集书库/ [索取号:B812.23/23] 在馆    
6 0440285   204402850   密集书库/ [索取号:B812.23/23] 在馆    
7 0791001   207910019   密集书库/ [索取号:B812.23/23] 在馆    
唐山师范学院图书馆 欢迎您!
大连网信软件有限公司© 版权所有